[Event "BAN-ch (Women)"]
[Site "Dhaka"]
[Date "2022.01.07"]
[Round "10"]
[White "Ahmed, Walijah"]
[Black "Tasnia Tarannum, Orpa"]
[Result "1-0"]
[WhiteElo "1919"]
[BlackElo "1618"]
[PlyCount "81"]
[EventDate "2021.12.29"]
[EventType "swiss"]
[EventRounds "11"]
[EventCountry "BAN"]
[SourceTitle "EXT 2023"]
[Source "ChessBase"]
[SourceDate "2022.10.05"]
[SourceVersion "1"]
[SourceVersionDate "2022.10.05"]
[SourceQuality "1"]

1. e4 c5 2. Nf3 Nc6 3. d4 cxd4 4. Nxd4 Nf6 5. Nc3 e5 6. Nde2 Bb4 7. a3 Be7 8. Ng3 d6 9. h3 Be6 10. Nd5 Rc8 11. c3 0-0 12. Be2 Re8 13. 0-0 Bf8 14. Bg5 Bxd5 15. exd5 Nb8 16. Bb5 Nbd7 17. Bxf6 Nxf6 18. Bxe8 Qxe8 19. Qd3 Rc5 20. c4 b5 21. b3 bxc4 22. bxc4 Qc8 23. Qd2 Qa6 24. Rfc1 g6 25. Qg5 Bg7 26. Rab1 h6 27. Qe3 Ra5 28. Rc3 Nd7 29. Qc1 Nc5 30. Re3 f5 31. Nf1 e4 32. Nd2 Ra4 33. Rb8+ Kh7 34. Rb4 Ra5 35. Qb1 f4 36. Rxe4 Nxe4 37. Qxe4 Rxa3 38. Rb8 Ra1+ 39. Kh2 Be5 40. Nf3 Bg7 41. Qe8 1-0

[Event "Sheikh Kamal Online Inv"]
[Site "Tornelo INT"]
[Date "2021.08.29"]
[Round "9"]
[White "Tasnia Tarannum, Orpa"]
[Black "Kazi Zarin, Tasnim"]
[Result "0-1"]
[WhiteElo "1577"]
[BlackElo "1822"]
[PlyCount "84"]
[EventDate "2021.08.27"]
[EventType "tourn (rapid)"]
[EventRounds "9"]
[EventCountry "BAN"]
[SourceTitle "CBM 204 Extra"]
[Source "ChessBase"]
[SourceDate "2021.11.30"]
[SourceVersion "1"]
[SourceVersionDate "2021.11.30"]
[SourceQuality "1"]

1. e4 e5 2. Nf3 Nf6 3. Nxe5 Nc6 4. Nxc6 dxc6 5. d3 Bc5 6. Be2 h5 7. c3 Bb6 8. Bg5 Qd6 9. Bxf6 Qxf6 10. d4 c5 11. e5 Qf4 12. g3 Qe4 13. f3 Qd5 14. dxc5 Qxc5 15. Qd4 Qxd4 16. cxd4 Bxd4 17. Nc3 Bxe5 18. 0-0 Be6 19. Rfd1 h4 20. f4 Bxc3 21. bxc3 Rd8 22. a3 hxg3 23. hxg3 Ke7 24. Re1 Kf6 25. Rab1 b6 26. Bf3 Bd5 27. Bxd5 Rxd5 28. Re3 Rhd8 29. Rbe1 Rd1 30. Kf2 R8d2+ 31. Kf3 Rxe1 32. Rxe1 Rd3+ 33. Re3 Rxe3+ 34. Kxe3 g5 35. g4 gxf4+ 36. Kxf4 b5 37. Kf3 Kg5 38. Kg3 a5 39. Kf3 c5 40. Kg3 b4 41. cxb4 cxb4 42. axb4 axb4 0-1

[Event "World Cup U18 Girls Prel"]
[Site "Tornelo INT"]
[Date "2021.08.01"]
[Round "3"]
[White "Tasnia Tarannum, Orpa"]
[Black "Diaz Charpentier, Kristel Melissa"]
[Result "0-1"]
[WhiteElo "1577"]
[BlackElo "1898"]
[PlyCount "46"]
[EventDate "2021.08.01"]
[EventType "swiss (rapid)"]
[EventRounds "10"]
[EventCountry "NET"]
[SourceTitle "EXT 2024"]
[Source "ChessBase"]
[SourceDate "2023.10.10"]
[SourceVersion "1"]
[SourceVersionDate "2023.10.10"]
[SourceQuality "1"]

1. e4 c5 2. Nf3 d6 3. Nc3 Nf6 4. d4 cxd4 5. Nxd4 g6 6. Bb5+ Bd7 7. Bxd7+ Nbxd7 8. Be3 Bg7 9. f3 0-0 10. Qd2 Rc8 11. Bh6 Ne5 12. Bxg7 Kxg7 13. h4 h5 14. 0-0-0 Qb6 15. Nb3 a5 16. Nd5 Nxd5 17. Qxd5 a4 18. Nd2 Rc5 19. Nc4 Nxc4 20. Qd4+ e5 21. Qc3 Rfc8 22. b4 axb3 23. axb3 Na3 0-1

[Event "World Cup U18 Girls Prel"]
[Site "Tornelo INT"]
[Date "2021.08.01"]
[Round "7"]
[White "Tasnia Tarannum, Orpa"]
[Black "Gosrani, Naiya"]
[Result "1-0"]
[WhiteElo "1577"]
[BlackElo "1331"]
[PlyCount "59"]
[EventDate "2021.08.01"]
[EventType "swiss (rapid)"]
[EventRounds "10"]
[EventCountry "NET"]
[SourceTitle "EXT 2024"]
[Source "ChessBase"]
[SourceDate "2023.10.10"]
[SourceVersion "1"]
[SourceVersionDate "2023.10.10"]
[SourceQuality "1"]

1. e4 e5 2. Nf3 Nc6 3. Bc4 Bc5 4. c3 Nf6 5. d4 exd4 6. cxd4 Bb4+ 7. Bd2 Nxe4 8. Bxb4 Nxb4 9. Bxf7+ Kxf7 10. Qb3+ d5 11. Qxb4 Re8 12. Ne5+ Kg8 13. 0-0 Qd6 14. Qxd6 Nxd6 15. Nc3 Bf5 16. g4 Be6 17. Rac1 c6 18. f4 Nf7 19. h3 g6 20. Kg2 Kg7 21. Kg3 Nd6 22. b3 Rf8 23. Na4 Ne4+ 24. Kg2 Rae8 25. Rc2 Bc8 26. Nc5 Nxc5 27. Rxc5 a6 28. a4 Re7 29. b4 Bd7 30. Rf2 1-0

[Event "Dhaka rapid (Women) op"]
[Site "Dhaka"]
[Date "2021.03.08"]
[Round "6"]
[White "Tasnia Tarannum, Orpa"]
[Black "Israt, Jahan Diba"]
[Result "1/2-1/2"]
[WhiteElo "1375"]
[BlackElo "1459"]
[PlyCount "158"]
[EventDate "2021.03.08"]
[EventType "swiss (rapid)"]
[EventRounds "7"]
[EventCountry "BAN"]
[SourceTitle "CBM 201 Extra"]
[Source "ChessBase"]
[SourceDate "2021.05.31"]
[SourceVersion "1"]
[SourceVersionDate "2021.05.31"]
[SourceQuality "1"]

1. e4 c5 2. Nf3 d6 3. d4 cxd4 4. Nxd4 Nf6 5. Nc3 g6 6. Be2 Bg7 7. Be3 0-0 8. Qd2 Nc6 9. 0-0-0 d5 10. exd5 Nxd5 11. Nxd5 Qxd5 12. Nxc6 Qxc6 13. Bf3 Qb5 14. Bd4 Bxd4 15. Qxd4 Bf5 16. Qd5 Qa4 17. Qb3 Qf4+ 18. Qe3 Qxe3+ 19. fxe3 Rac8 20. c3 Rc7 21. Bd5 b5 22. e4 Bd7 23. Rd4 a5 24. a3 Kg7 25. Rf1 Bc8 26. Ba2 Ba6 27. Rfd1 Rfc8 28. Rd7 Bb7 29. Rxc7 Rxc7 30. Bd5 Bc8 31. Kd2 Rd7 32. Ke2 Ba6 33. Ke1 Rc7 34. Rd2 f6 35. Kf2 Rd7 36. Ke3 Rd6 37. g3 g5 38. Ba8 Kf7 39. Rxd6 exd6 40. Bd5+ Ke7 41. b3 Bc8 42. c4 bxc4 43. Bxc4 Be6 44. Kd4 Bd7 45. b4 axb4 46. axb4 Bc6 47. Bd5 Bb5 48. Bg8 h5 49. Kd5 Ba4 50. Bh7 Bb5 51. Bg6 h4 52. gxh4 gxh4 53. Bf5 Ba4 54. Kc4 Kd8 55. b5 Kc7 56. Kb4 Bc2 57. Kc3 Ba4 58. Kb4 Bc2 59. Kc3 Bd1 60. Be6 Kb6 61. Kb4 Be2 62. Bc4 Bf3 63. Bd5 Bg4 64. Bc4 Bd7 65. Bd3 Be8 66. Bc4 Bh5 67. Bd3 Bf3 68. Ka4 d5 69. exd5 Bxd5 70. Kb4 Be6 71. Kc3 Bd7 72. Kb4 f5 73. Kc3 Bxb5 74. Bxf5 Kc5 75. Kd2 Kd4 76. h3 Ke5 77. Ke3 Bf1 78. Bg4 Kf6 79. Kf4 Bd3 1/2-1/2